El divorcio y otras disoluciones matrimoniales en Mx̌ico

Detalles Bibliográficos
Autor principal: Přez Contreras, Mara̕ de Montserrat
Formato: eBook
Lenguaje:español
Publicado: Mx̌ico DF: Nostra Ediciones, 2014
Materias:
Acceso en línea:Acceso restringido

MARC

LEADER 00000nam a22000007a 4500
005 20170527205221.0
007 cr|||| ||||
008 170527s2014 mx |||||s|||| 00||0 spa d
020 |a 978-607-8237-234 
035 |a 20273 
040 |a vLex 
090 |c 6707  |d 6707 
100 1 |a Přez Contreras, Mara̕ de Montserrat 
245 1 2 |a El divorcio y otras disoluciones matrimoniales en Mx̌ico  |h [Recurso electrn̤ico] /  |c Mara̕ de Montserrat Přez Contreras 
256 |a Servicio en ln̕ea 
260 |a Mx̌ico DF:  |b Nostra Ediciones,  |c 2014 
300 |a 1 recurso electrn̤ico 
500 |a Aunque el divorcio es una figura comn︢ para la sociedad, son muchas las dudas que asaltan a las personas que por diversas circunstancias se enfrentan a esta posibilidad o que desean comprender el tema, lo que se agudiz ̤a partir de las distintas reformas que en esta materia han tenido lugar en el Distrito Federal. 
506 1 |a Disponible solo en los productos indicados  |d vLex Global  |d vLex Global (Academic Edition, excluding Law Schools)  |d vLex Global (U.S. Academic Edition, Law Schools)  |d vLex Global (U.S. Academic Edition, excluding Law Schools)  |d vLex Global (Academic Edition, Law Schools) 
650 0 4 |a Derecho Civil  |z Mx̌ico 
650 0 4 |a Matrimonio  |z Mx̌ico 
740 0 |a vLex Libros (Servicio en ln̕ea) 
856 4 0 |u http://vlex.com/source/divorcio-y-otras-disoluciones-matrimoniales-en-mexico-20273  |z Acceso restringido 
942 |c BOOK 
999 0 |a Civil Law 
999 0 |a Marriage